Statistics for Senegal World Cup 2022 Squad

Click here to take the quiz!

General Stats

  • This quiz has been taken 5 times
  • The average score is 17 of 26

Answer Stats

PositionClubPlayer% Correct
GKChelseaEdouard Mendy
100%
DFAmiens SCFormose Mendy
100%
MFEvertonIdrissa Gueye
100%
FWWatfordIsmaila Sarr
100%
DFChelseaKalidou Koulibaly
100%
MFLeicester CityNampalys Mendy
100%
MFOlympique MarseillePape Gueye
100%
MFTottenham HotspurPape Matar Sarr
100%
FWSalernitanaBoulaye Dia
80%
DFAC MilanFode Ballo-Toure
80%
MFAS MonacoKrepin Diatta
80%
DFRB LeipzigAbdou Diallo
60%
GKStade RennesAlfred Gomis
60%
FWSheffield UnitedIliman Ndiaye
60%
DFAS MonacoIsmail Jakobs
60%
DFRSC AnderlechtMoussa N'Diaye
60%
FWVillarreal CFNicolas Jackson
60%
DFOlympiacosPape Abou Cisse
60%
MFRayo VallecanoPathe Ciss
60%
DFReal BetisYoussouf Sabaly
60%
FWOlympique MarseilleBamba Dieng
40%
DFNottingham ForestCheikhou Kouyate
40%
GKQPRSeny Dieng
40%
MFReadingMamadou Loum
20%
FWAlanyasporFamara Diedhiou
0%
DFPafosMoustapha Name
0%

Score Distribution

Percentile by Number Answered

Percent of People with Each Score

Your Score History

You have not taken this quiz